History of Tipu Sultan (Record no. 8470)

MARC details
000 -LEADER
fixed length control field 00598nam a2200241 a 4500
020 ## - INTERNATIONAL STANDARD BOOK NUMBER
ISBN
082 00 - DEWEY DECIMAL CLASSIFICATION NUMBER
Classification number 954.0258
Author Cutter KIR
100 ## - MAIN ENTRY--AUTHOR NAME
Author name Kirmani, Husain Ali Khan
245 ## - TITLE STATEMENT
Title History of Tipu Sultan
260 ## - PUBLICATION, DISTRIBUTION, ETC. (IMPRINT)
Place of publication New Delhi
Name of publisher Asian Educational Services
Year of publication 1986
300 ## - PHYSICAL DESCRIPTION
Number of Pages 186p
500 ## - GENERAL NOTE
General note includes index and biblioraphy
505 2# - FORMATTED CONTENTS NOTE
Formatted contents note Appendix
650 ## - SUBJECT ADDED ENTRY--TOPICAL TERM
Topical Term Tipu Sultan
942 ## - ADDED ENTRY ELEMENTS (KOHA)
Koha item type Books
700 1# -
-- Kirmani, Husain Ali Khan
Holdings
Collection code Home library Current library Date acquired Cost, normal purchase price Full call number Accession Number Koha item type
  Henry Martyn Institute Library Henry Martyn Institute Library 10/13/2009 95.00 954.0258 KIR 012534 Books
                   Copyright © 2026 | Henry Martyn Institute | Hyderabad | TS-500052 | INDIA | Implemented by hmi.edu.in
Hit-Count:

Powered by Koha